Digitálna ekonomika ako nová výzva pre daňovú politiku
Nová éra vo vývoji hospodárstva, a to éra digitálnej ekonomiky. Definovanie digitálnych spoločností a výzvy, ktoré sa ich vznikom vynorili. Hodnotenie súčasného stavu v zdaňovaní digitálnych spoločností. Opatrenia, ktoré boli na úrovni Európskej únie a OECD vykonané v rámci posunu k efektívnemu a sp...
Guardado en:
| Autor principal: | |
|---|---|
| Otros Autores: | |
| Formato: | Capítulo de libro |
| Lenguaje: | eslovaco |
| Materias: | |
| Etiquetas: |
Sin Etiquetas, Sea el primero en etiquetar este registro!
|
MARC
| LEADER | 00000naa a2200000 4500 | ||
|---|---|---|---|
| 001 | 0252167 | ||
| 005 | 20240502074037.3 | ||
| 041 | 0 | |a slo | |
| 044 | |a SK | ||
| 245 | 1 | 0 | |a Digitálna ekonomika ako nová výzva pre daňovú politiku |c Aneta Borůvková, Jaroslava Šepeľová |
| 520 | |a Nová éra vo vývoji hospodárstva, a to éra digitálnej ekonomiky. Definovanie digitálnych spoločností a výzvy, ktoré sa ich vznikom vynorili. Hodnotenie súčasného stavu v zdaňovaní digitálnych spoločností. Opatrenia, ktoré boli na úrovni Európskej únie a OECD vykonané v rámci posunu k efektívnemu a spravodlivému zdaneniu digitálnych spoločností. | ||
| 610 | 2 | 0 | |a osoby právnické |
| 610 | 2 | 0 | |a podnik virtuálny |
| 610 | 2 | 0 | |a digitalizácia |
| 610 | 2 | 0 | |a politika daňová |
| 610 | 2 | 0 | |a optimalizácia daňová |
| 100 | 1 | |a Borůvková, Aneta | |
| 700 | 1 | |a Šepeľová, Jaroslava, 1993- | |